[Event "Mitropa Online Cup Women 2021"]
[Site "Hybrid"]
[Date "2021.05.04"]
[Round "8.1"]
[White "Schneider, Jana"]
[Black "Olsarova, Karolina"]
[Result "1/2-1/2"]
[WhiteElo "2272"]
[BlackElo "2290"]
[Annotator "RC"]
[PlyCount "129"]
[EventDate "2021.05.04"]
[EventType "team-tourn"]
[EventCountry "NET"]
[SourceTitle "playchess.com"]
[Source "ChessBase"]
[SourceQuality "1"]
[WhiteTeam "Germany"]
[BlackTeam "Czech Republic"]
[WhiteTeamCountry "GER"]
[BlackTeamCountry "CZE"]
[TimeControl "40/5400+30:1800+30"]

1. e4 {[%emt 0:00:00]} c6 {[%emt 0:00:06]} 2. Nc3 {[%emt 0:00:17]} d5 {[%emt 0:00:09]} 3. Nf3 {[%emt 0:00:07]} Bg4 {[%emt 0:00:28]} 4. h3 {[%emt 0:00:09]} Bh5 {[%emt 0:00:15]} 5. g4 {[%emt 0:00:39]} Bg6 {[%emt 0:00:07]} 6. exd5 {[%emt 0:00:08]} cxd5 {[%emt 0:00:28]} 7. Ne5 {[%emt 0:00:33]} Nc6 {[%emt 0:01:02]} 8. Bb5 {[%emt 0:01:24]} Rc8 {[%emt 0:00:25]} 9. h4 {[%emt 0:02:57]} f6 {[%emt 0:10:37]} 10. Bxc6+ {[%emt 0:13:50]} bxc6 {[%emt 0:00:24]} 11. Nxg6 {[%emt 0:00:28]} hxg6 {[%emt 0:00:08]} 12. d4 {[%emt 0:00:52]} e6 {[%emt 0:04:51]} 13. Qd3 {[%emt 0:01:15]} Kf7 {[%emt 0:06:05]} 14. h5 {[%emt 0:01:46]} gxh5 {[%emt 0:16:27]} 15. gxh5 {[%emt 0:00:28]} Ne7 {[%emt 0:01:43]} 16. Ne2 {[%emt 0:02:20]} Nf5 {[%emt 0:04:27]} 17. Ng3 {[%emt 0:01:56]} Qe8 {[%emt 0:07:18]} 18. Be3 {[%emt 0:11:46]} Nxe3 {[%emt 0:08:00]} 19. fxe3 {[%emt 0:02:10]} Bd6 {[%emt 0:01:55]} 20. Nf1 {[%emt 0:18:35]} Rh6 {[%emt 0:04:35]} 21. O-O-O {[%emt 0:01:08]} c5 {[%emt 0:04:45]} 22. e4 {[%emt 0:07:34]} cxd4 {[%emt 0:09:17]} 23. exd5 {[%emt 0:00:59]} Bf4+ {[%emt 0:00:51]} 24. Kb1 {[%emt 0:00:17]} e5 {[%emt 0:00:45]} 25. Ng3 {[%emt 0:01:04]} Bxg3 {[%emt 0:01:18]} 26. Qxg3 {[%emt 0:00:08]} Qd7 {[%emt 0:02:20]} 27. c3 {[%emt 0:05:33]} dxc3 {[%emt 0:01:45]} 28. bxc3 {[%emt 0:01:48]} Qf5+ {[%emt 0:03:02]} 29. Qd3 {[%emt 0:01:34]} e4 {[%emt 0:05:12]} 30. Qa6 {[%emt 0:01:18]} e3+ {[%emt 0:01:22]} 31. Ka1 {[%emt 0:06:23]} Re8 {[%emt 0:00:59]} 32. d6 {[%emt 0:01:17]} Qc5 {[%emt 0:00:50]} 33. Qb7+ {[%emt 0:01:31]} Kf8 {[%emt 0:00:50]} 34. Kb2 {[%emt 0:06:34]} e2 {[%emt 0:00:43]} 35. Rdg1 {[%emt 0:00:07]} Qb6+ {[%emt 0:00:39]} 36. Qxb6 {[%emt 0:00:09]} axb6 {[%emt 0:00:01]} 37. Re1 {[%emt 0:01:47]} Re5 {[%emt 0:02:13]} 38. Rh2 {[%emt 0:04:32]} Rhxh5 {[%emt 0:00:30]} 39. Rhxe2 {[%emt 0:00:37]} Rxe2+ {[%emt 0:00:57]} 40. Rxe2 {[%emt 0:00:00]} Rd5 {[%emt 0:00:00]} 41. Re6 {[%emt 0:00:16]} Kf7 {[%emt 0:04:50]} 42. Re7+ {[%emt 0:00:52]} Kg6 {[%emt 0:00:09]} 43. Rd7 {[%emt 0:06:00]} Kf5 {[%emt 0:14:01]} 44. c4 {[%emt 0:00:57]} Rd2+ {[%emt 0:04:51]} 45. Kc3 {[%emt 0:00:08]} Rd1 {[%emt 0:00:33]} 46. Rxg7 {[%emt 0:03:53]} Rxd6 {[%emt 0:01:12]} 47. Kb4 {[%emt 0:00:45]} Ke5 {[%emt 0:03:05]} 48. Kb5 {[%emt 0:00:28]} f5 {[%emt 0:00:57]} 49. Re7+ {[%emt 0:02:35]} Kd4 {[%emt 0:03:09]} 50. Rf7 {[%emt 0:00:17]} Ke4 {[%emt 0:00:10]} 51. a4 {[%emt 0:01:26]} f4 {[%emt 0:00:41]} 52. c5 {[%emt 0:00:24]} bxc5 {[%emt 0:00:33]} 53. Kxc5 {[%emt 0:00:08]} Rd5+ {[%emt 0:02:02]} 54. Kb6 {[%emt 0:00:08]} Rd6+ {[%emt 0:00:39]} 55. Kc5 {[%emt 0:00:27]} Rd1 {[%emt 0:00:25]} 56. a5 {[%emt 0:00:22]} f3 {[%emt 0:01:06]} 57. a6 {[%emt 0:00:13]} Ra1 {[%emt 0:00:18]} 58. a7 {[%emt 0:00:29]} Ke3 {[%emt 0:00:12]} 59. Kb6 {[%emt 0:00:22]} f2 {[%emt 0:00:37]} 60. Kb7 {[%emt 0:00:34]} Rb1+ {[%emt 0:00:31]} 61. Kc8 {[%emt 0:00:29]} Rc1+ {[%emt 0:00:18]} 62. Kb8 {[%emt 0:00:23]} Rb1+ {[%emt 0:00:10]} 63. Kc8 {[%emt 0:00:11]} Ra1 {[%emt 0:00:12]} 64. Kb8 {[%emt 0:00:17]} Rb1+ {[%emt 0:00:08]} 65. Kc8 {[%emt 0:00:08]} 1/2-1/2

[Event "Mitropa Online Cup Women 2021"]
[Site "Hybrid"]
[Date "2021.05.04"]
[Round "8.1"]
[White "Richterova, Natasa"]
[Black "Sieber, Fiona"]
[Result "1/2-1/2"]
[WhiteElo "2188"]
[BlackElo "2275"]
[Annotator "NA RC"]
[PlyCount "76"]
[EventDate "2021.05.04"]
[EventType "team-tourn"]
[EventCountry "NET"]
[SourceTitle "playchess.com"]
[Source "ChessBase"]
[SourceQuality "1"]
[WhiteTeam "Czech Republic"]
[BlackTeam "Germany"]
[WhiteTeamCountry "CZE"]
[BlackTeamCountry "GER"]
[TimeControl "40/5400+30:1800+30"]

1. Nf3 {[%emt 0:00:00]} c5 {[%emt 0:05:10]} 2. c4 {[%emt 0:00:31]} Nc6 {[%emt 0:00:35]} 3. Nc3 {[%emt 0:00:21]} g6 {[%emt 0:01:51]} 4. d4 {[%emt 0:02:10]} cxd4 {[%emt 0:00:34]} 5. Nxd4 {[%emt 0:00:05]} Bg7 {[%emt 0:00:16]} 6. Nc2 {[%emt 0:02:48]} Nf6 {[%emt 0:02:51]} 7. e4 {[%emt 0:03:53]} O-O {[%emt 0:00:25]} 8. Be2 {[%emt 0:00:23]} d6 {[%emt 0:01:26]} 9. O-O {[%emt 0:01:24]} Nd7 {[%emt 0:15:48]} 10. Qd2 {[%emt 0:12:23]} Nc5 {[%emt 0:02:31]} 11. f3 {[%emt 0:07:38]} a5 {[%emt 0:05:57]} 12. Kh1 {[%emt 0:05:59]} a4 {[%emt 0:03:58]} 13. Nb5 {[%emt 0:09:05]} Be6 {[%emt 0:12:21]} 14. Rb1 {[%emt 0:07:39]} f5 {[%emt 0:05:52]} 15. Ncd4 {[%emt 0:03:10]} fxe4 {[%emt 0:09:03]} 16. Nxe6 {[%emt 0:02:52]} Nxe6 {[%emt 0:00:07]} 17. Qd5 {[%emt 0:00:28]} Qd7 {[%emt 0:00:26]} 18. Qxe4 {[%emt 0:00:16]} Rf5 {[%emt 0:01:39]} 19. f4 {[%emt 0:06:47]} Nc5 {[%emt 0:02:36]} 20. Qe3 {[%emt 0:03:35]} Rf7 {[%emt 0:01:24]} 21. Bd2 {[%emt 0:07:59]} Raf8 {[%emt 0:05:40]} 22. b4 {[%emt 0:05:30]} axb3 {[%emt 0:00:45]} 23. axb3 {[%emt 0:00:03]} e5 {[%emt 0:05:28]} 24. fxe5 {[%emt 0:01:27]} Bxe5 {[%emt 0:02:54]} 25. Rxf7 {[%emt 0:00:28]} Qxf7 {[%emt 0:00:19]} 26. Bf3 {[%emt 0:02:22]} Qf5 {[%emt 0:01:33]} 27. Rd1 {[%emt 0:03:44]} Qc2 {[%emt 0:05:21]} 28. Re1 {[%emt 0:09:41]} Nd3 {[%emt 0:04:43]} 29. Rf1 {[%emt 0:00:45]} Nf4 {[%emt 0:00:51]} 30. Be4 {[%emt 0:00:39]} Qb2 {[%emt 0:00:29]} 31. g3 {[%emt 0:00:42]} Ne6 {[%emt 0:00:22]} 32. Rxf8+ {[%emt 0:00:26]} Kxf8 {[%emt 0:00:24]} 33. Bd5 {[%emt 0:00:39]} Qb1+ {[%emt 0:01:37]} 34. Kg2 {[%emt 0:00:04]} Qf5 {[%emt 0:00:33]} 35. Qh6+ {[%emt 0:00:44]} Bg7 {[%emt 0:00:36]} 36. Qe3 {[%emt 0:00:03]} Be5 {[%emt 0:00:16]} 37. Qh6+ {[%emt 0:00:07]} Bg7 {[%emt 0:00:02]} 38. Qe3 {[%emt 0:00:05]} Be5 {[%emt 0:00:03]} 1/2-1/2

[Event "Mitropa Online Cup Women 2021"]
[Site "Hybrid"]
[Date "2021.05.04"]
[Round "8.2"]
[White "Hakimifard, Ghazal"]
[Black "Movsesian, Julia"]
[Result "1-0"]
[WhiteElo "2265"]
[BlackElo "2342"]
[Annotator "TA"]
[PlyCount "113"]
[EventDate "2021.05.04"]
[EventType "team-tourn"]
[EventCountry "NET"]
[SourceTitle "playchess.com"]
[Source "ChessBase"]
[SourceQuality "1"]
[WhiteTeam "Switzerland"]
[BlackTeam "Slovakia"]
[WhiteTeamCountry "SUI"]
[BlackTeamCountry "SVK"]

{[%evp 14,113,28,21,34,34,42,21,33,18,33,29,22,14,20,0,0,-1,0,-25,-29,-21,-21,-18,19,0,0,-60,0,-61,0,0,0,0,33,18,19,0,0,-122,-25,-29,-29,-36,0,0,60,0,14,0,36,0,0,0,30,37,47,0,0,4,39,31,251,104,121,108,283,266,208,18,18,18,19,22,22,0,51,51,51,5,38,26,28,12,174,175,218,204,403,242,244,240,599,605,612,595,940,935,1843,1802,1705,1506]} 1. e4 c6 2. d4 d5 3. Nd2 dxe4 4. Nxe4 Nf6 5. Nxf6+ exf6 6. c3 Bd6 7. Bd3 O-O 8. Qc2 Re8+ {B15: Caro-Kann: 3 Nc3: 3...g6 and 3...dxe4 4 Nxe4 Nf6 5 Nxf6+ exf6.} 9. Ne2 h5 10. Be3 Nd7 {The position is equal.} 11. O-O-O Nf8 12. Kb1 Be6 13. c4 Rc8 14. Nc3 Bb4 15. Ne4 Be7 16. Nc5 Bxc5 17. dxc5 Qc7 {[#]} 18. h3 $146 ({Predecessor:} 18. Be2 g6 19. Rd6 b6 20. Rhd1 Nd7 21. Bd3 Ne5 22. Be4 f5 23. Bf4 Nxc4 24. Rxe6 Qxf4 25. Rxe8+ Rxe8 26. Bxc6 {0-1 (48) Aitbayev,A (2457)-Svane,R (2613) chess.com INT 2020}) 18... h4 19. Rhg1 Rcd8 20. g3 (20. Rge1 $11) 20... Qe5 (20... Ng6 $15) 21. Ka1 ({White should try} 21. g4 $1 $11) 21... hxg3 (21... Bxh3 $15 22. gxh4 Ne6) 22. Rxg3 $11 Bf5 23. Rdg1 $1 Qxg3 24. Rxg3 Rxd3 25. Qe2 Ne6 26. Bf4 Red8 ({Better is} 26... Rdd8 $1 $17 27. Re3 Rf8 28. Rxe6 Bxe6) 27. Rxd3 Bxd3 28. Qe3 Bxc4 {White must now prevent ...Rd1+.} (28... Rd4 {feels hotter.} 29. b3 Bxc4 30. Bb8 Rd1+ 31. Kb2 Rd3) 29. Bd6 b6 ({Black should play} 29... b5 $11) 30. b4 (30. b3 $14 Bd5 31. Kb2 (31. cxb6 axb6 32. Qg3 Be4 $11)) 30... bxc5 31. bxc5 Re8 32. Qc3 {[%mdl 1024] White has compensation.} Bd5 33. h4 a5 34. a4 ({Don't play} 34. Qxa5 Nd4 $11) 34... f5 35. f4 f6 36. h5 Kf7 37. Qd3 Be4 (37... g6 $1 $14) 38. Qb3 (38. Qg3 $1 $18 {[%cal Rg3g6] is the precise move to win. Qg6+ would kill now.} Nf8 39. Bxf8 Kxf8 40. Qc3) 38... Kg8 39. Qg3 $1 Bd5 $2 (39... Ra8 $16 {keeps fighting.}) 40. Qg6 $18 Ra8 41. Kb2 $2 (41. h6 $18) 41... Ra7 $1 $11 42. Qe8+ Kh7 43. Qb8 Rf7 44. Kc3 Rd7 (44... g5 $11) 45. Qa8 Rf7 46. Qc8 Ra7 47. Kd3 Rf7 48. Qa8 Rd7 $2 (48... g5 $11) 49. Qxa5 $18 {aiming for Qb6.} Rb7 {[#]} 50. Qc3 Bg2 $2 ({Don't blunder} 50... Rb3 $2 {[#]} 51. a5 $1 $18) (50... Rb1 51. a5 Rd1+ 52. Kc2 Rh1) 51. Qa1 {Threatens to win with a5.} Rb3+ 52. Kc2 Rf3 (52... Rh3 53. Qg1 Bd5) 53. Qg1 {White is clearly winning.} Rg3 {Strongly threatening ...Be4+.} 54. Kb2 Nd8 55. a5 {[%cal Ba4a5,Ba5a6][%mdl 32]} Nb7 56. Qf2 Rg4 57. a6 {Weighted Error Value: White=0.27/Black=0.40} 1-0

[Event "Mitropa Online Cup Women 2021"]
[Site "Hybrid"]
[Date "2021.05.04"]
[Round "8.2"]
[White "Heinatz, Gundula"]
[Black "Ferkova, Dominika"]
[Result "1/2-1/2"]
[WhiteElo "2131"]
[BlackElo "2006"]
[Annotator "TA"]
[PlyCount "115"]
[EventDate "2021.05.04"]
[EventType "team-tourn"]
[EventCountry "NET"]
[SourceTitle "playchess.com"]
[Source "ChessBase"]
[SourceQuality "1"]
[WhiteTeam "Switzerland"]
[BlackTeam "Slovakia"]
[WhiteTeamCountry "SUI"]
[BlackTeamCountry "SVK"]

{[%evp 18,115,0,-5,10,0,0,0,11,-13,39,9,8,0,-4,-22,81,-4,8,0,0,-4,-14,-33,-28,-22,6,14,80,73,102,101,94,102,105,112,111,93,101,79,81,0,0,0,0,0,0,0,0,0,0,0,0,0,0,0,0,0,0,0,0,0,0,0,0,0,0,0,0,0,0,0,0,0,0,0,0,0,0,0,0,0,0,0,0,0,0,0,0,0,0,0,0,0,0,0,0,0,0,0]} 1. d4 d5 2. Nf3 Nf6 3. c3 e6 4. Bg5 Be7 5. e3 Nbd7 6. Nbd2 O-O 7. Bd3 c5 8. O-O b6 9. Qe2 Bb7 10. Rad1 Qc7 {D03: 1 d4 d5 2 Nf3 Nf6 3 Bg5, including Torre Attack with early ...d5.} 11. Rfe1 h6 12. Bh4 Rfe8 {[#]} 13. c4 $146 ({Predecessor:} 13. Bg3 Bd6 14. Bb1 e5 15. dxe5 Nxe5 16. Nxe5 Bxe5 17. Qd3 Bxg3 18. fxg3 Qc8 19. Nf3 Qg4 20. Qf5 Qxf5 21. Bxf5 g6 22. Bd3 {½-½ (22) Hrtanek,J (2196)-Chwastek,O Orlova 2006}) 13... e5 (13... Ne4 $11) 14. Nxe5 (14. cxd5 {is more complex.} cxd4 15. e4 Rec8 16. h3 Bd6 17. Qf1) 14... Nxe5 15. dxe5 Qxe5 16. Bg3 Qe6 {[#]} (16... Qxb2 $11 {keeps the balance.} 17. Rb1 Qc3) 17. b3 ({Better is} 17. cxd5 $1 $16 Bxd5 18. b3) 17... a6 (17... Rad8 {feels hotter.} 18. f3 Bd6 19. Bxd6 Qxd6 20. cxd5 Nxd5 21. Ne4 Qc7) 18. a4 Bd6 19. cxd5 Nxd5 ({Much worse is} 19... Qxd5 $6 20. e4 $16) 20. Bc4 Bxg3 21. hxg3 Qc6 {Threatens to win with ...Nc3!} 22. e4 Nc3 {[#]} (22... Qc7 $11 {remains equal.}) 23. Bxf7+ $1 $16 {[%mdl 64] Decoy} Kxf7 (23... Kh8 24. Qf3) 24. Qc4+ {[%mdl 64] Double Attack} Nd5 25. Nf3 {[%cal Rd1d5]} (25. exd5 $6 Qxd5 26. f3 Rad8 $11) 25... b5 26. exd5 ({But not} 26. Qxd5+ $6 Qxd5 27. exd5 Rxe1+ 28. Nxe1 bxa4 $11) 26... Rxe1+ 27. Rxe1 Qxd5 28. axb5 Qxc4 29. bxc4 ({White should try} 29. Ne5+ $16 Kf8 30. bxc4 (30. Nxc4 axb5 31. Nd6 Bc6 $15) 30... axb5 31. cxb5) 29... Bxf3 $11 {The position is equal.} 30. gxf3 axb5 31. cxb5 $16 {[%mdl 4096] Endgame KR-KR} Rb8 32. Rb1 Ke6 33. Kf1 Kd5 34. Ke2 Kc4 35. b6 {Strongly threatening b7.} Kd5 36. Kd3 {aiming for b7.} Kc6 37. Kc4 {Hoping for b7!} (37. Re1 {seems wilder.} Rxb6 38. f4 Rb3+ 39. Kc4 Rb4+ 40. Kc3) 37... Rxb6 38. Re1 Rb4+ 39. Kc3 Kd6 40. f4 Ra4 41. Re2 Ra1 42. Rd2+ Kc6 43. Rd8 Rc1+ 44. Kd2 Ra1 45. Rg8 Ra7 46. Kc3 Kd5 47. Rd8+ Ke4 48. Rd2 Kf3 49. Kc4 Rc7 50. Ra2 h5 51. Rb2 h4 52. gxh4 Kxf4 53. Rb1 Kf3 54. Rg1 Kxf2 55. Rg6 Kf3 56. h5 Kf4 57. h6 gxh6 58. Rxh6 {Weighted Error Value: White=0.07/Black=0.11} 1/2-1/2

[Event "Mitropa Online Cup Women 2021"]
[Site "Hybrid"]
[Date "2021.05.04"]
[Round "8.2"]
[White "Sankova, Stella"]
[Black "Mueller-Seps, Monika"]
[Result "0-1"]
[WhiteElo "2087"]
[BlackElo "2243"]
[Annotator "NA"]
[PlyCount "48"]
[EventDate "2021.05.04"]
[EventType "team-tourn"]
[EventCountry "NET"]
[SourceTitle "playchess.com"]
[Source "ChessBase"]
[SourceQuality "1"]
[WhiteTeam "Slovakia"]
[BlackTeam "Switzerland"]
[WhiteTeamCountry "SVK"]
[BlackTeamCountry "SUI"]
[TimeControl "40/5400+30:1800+30"]

1. e4 {[%emt 0:00:00]} e6 {[%emt 0:00:08]} 2. d4 {[%emt 0:00:19]} d5 {[%emt 0:00:07]} 3. Nc3 {[%emt 0:00:10]} Bb4 {[%emt 0:00:06]} 4. exd5 {[%emt 0:01:28]} exd5 {[%emt 0:01:37]} 5. Bd3 {[%emt 0:00:11]} Nc6 {[%emt 0:00:06]} 6. a3 {[%emt 0:01:05]} Bxc3+ {[%emt 0:00:17]} 7. bxc3 {[%emt 0:00:07]} Nge7 {[%emt 0:00:06]} 8. Qf3 {[%emt 0:01:26]} Be6 {[%emt 0:00:30]} 9. Ne2 {[%emt 0:00:46]} Qd7 {[%emt 0:00:41]} 10. O-O {[%emt 0:03:12]} O-O-O {[%emt 0:05:24]} 11. a4 {[%emt 0:05:04]} Bf5 {[%emt 0:04:25]} 12. Ba3 {[%emt 0:05:55]} h5 {[%emt 0:21:04]} 13. Rfb1 {[%emt 0:08:47]} g5 {[%emt 0:10:54]} 14. Nc1 {[%emt 0:05:25]} g4 {[%emt 0:17:14]} 15. Qd1 {[%emt 0:02:12]} Rdg8 {[%emt 0:14:08]} 16. Nb3 {[%emt 0:07:19]} b6 {[%emt 0:00:15]} 17. Bb5 {[%emt 0:03:48]} Rg6 {[%emt 0:08:13]} 18. a5 {[%emt 0:04:30]} g3 {[%emt 0:00:13]} 19. fxg3 {[%emt 0:09:42]} h4 {[%emt 0:00:11]} 20. Qf1 {[%emt 0:09:36]} hxg3 {[%emt 0:02:21]} 21. h3 {[%emt 0:09:12]} Bxh3 {[%emt 0:01:37]} 22. Qxf7 {[%emt 0:03:56]} Bxg2 {[%emt 0:01:13]} 23. Bxe7 {[%emt 0:01:00]} Qh3 {[%emt 0:02:06]} 24. Ba6+ {[%emt 0:00:55]} Kb8 {[%emt 0:00:09]} 0-1

[Event "Mitropa Online Cup Women 2021"]
[Site "Hybrid"]
[Date "2021.05.04"]
[Round "8.2"]
[White "Kovarikova, Maria"]
[Black "Tamrazyan, Gohar"]
[Result "0-1"]
[WhiteElo "1899"]
[BlackElo "1842"]
[Annotator "NA RC"]
[PlyCount "76"]
[EventDate "2021.05.04"]
[EventType "team-tourn"]
[EventCountry "NET"]
[SourceTitle "playchess.com"]
[Source "ChessBase"]
[SourceQuality "1"]
[WhiteTeam "SVK"]
[BlackTeam "SUI"]
[WhiteTeamCountry "SVK"]
[TimeControl "40/5400+30:1800+30"]

1. e4 {[%emt 0:00:00]} c5 {[%emt 0:00:08]} 2. Nf3 {[%emt 0:00:08]} Nc6 {[%emt 0:00:07]} 3. d4 {[%emt 0:00:16]} cxd4 {[%emt 0:00:04]} 4. Nxd4 {[%emt 0:00:07]} e5 {[%emt 0:00:07]} 5. Nb5 {[%emt 0:00:25]} d6 {[%emt 0:00:06]} 6. N1c3 {[%emt 0:01:05]} a6 {[%emt 0:00:27]} 7. Na3 {[%emt 0:00:25]} b5 {[%emt 0:00:06]} 8. Nd5 {[%emt 0:00:40]} Nge7 {[%emt 0:00:14]} 9. c4 {[%emt 0:00:46]} Nd4 {[%emt 0:00:11]} 10. Be3 {[%emt 0:02:55]} Nxd5 {[%emt 0:00:13]} 11. cxd5 {[%emt 0:00:20]} g6 {[%emt 0:00:19]} 12. Bxd4 {[%emt 0:04:06]} exd4 {[%emt 0:00:06]} 13. Qxd4 {[%emt 0:02:21]} Qa5+ {[%emt 0:00:15]} 14. Qd2 {[%emt 0:02:22]} Qxd2+ {[%emt 0:00:15]} 15. Kxd2 {[%emt 0:00:17]} Bg7 {[%emt 0:00:17]} 16. Kc2 {[%emt 0:06:22]} f5 {[%emt 0:01:46]} 17. Bd3 {[%emt 0:03:25]} O-O {[%emt 0:02:13]} 18. f3 {[%emt 0:03:42]} fxe4 {[%emt 0:08:12]} 19. Bxe4 {[%emt 0:00:35]} Bf5 {[%emt 0:01:15]} 20. Bxf5 {[%emt 0:02:23]} Rxf5 {[%emt 0:00:09]} 21. Rad1 {[%emt 0:03:23]} Rc8+ {[%emt 0:01:00]} 22. Kb1 {[%emt 0:00:40]} Rc5 {[%emt 0:01:24]} 23. Rhe1 {[%emt 0:02:12]} Kf7 {[%emt 0:05:40]} 24. Nc2 {[%emt 0:06:30]} Rfxd5 {[%emt 0:10:08]} 25. Nb4 {[%emt 0:05:06]} Rxd1+ {[%emt 0:00:09]} 26. Rxd1 {[%emt 0:00:07]} a5 {[%emt 0:02:12]} 27. Nd3 {[%emt 0:01:12]} Rg5 {[%emt 0:21:32]} 28. g4 {[%emt 0:05:34]} h5 {[%emt 0:04:12]} 29. h3 {[%emt 0:03:48]} Rd5 {[%emt 0:03:41]} 30. f4 {[%emt 0:03:17]} Rd4 {[%emt 0:03:17]} 31. Kc2 {[%emt 0:01:23]} hxg4 {[%emt 0:04:08]} 32. hxg4 {[%emt 0:00:45]} Rc4+ {[%emt 0:08:10]} 33. Kd2 {[%emt 0:01:00]} g5 {[%emt 0:02:50]} 34. Rf1 {[%emt 0:05:00]} gxf4 {[%emt 0:00:30]} 35. Nxf4 {[%emt 0:01:43]} Bh6 {[%emt 0:00:57]} 36. Ke3 {[%emt 0:00:49]} d5 {[%emt 0:00:41]} 37. g5 {[%emt 0:01:09]} Bxg5 {[%emt 0:00:28]} 38. Kf3 {[%emt 0:00:07]} Rxf4+ {[%emt 0:00:10]} 0-1

[Event "Mitropa Online Cup Women 2021"]
[Site "Hybrid"]
[Date "2021.05.04"]
[Round "8.3"]
[White "Cvitan, Ena"]
[Black "Terbe, Julianna"]
[Result "1/2-1/2"]
[WhiteElo "2263"]
[BlackElo "2267"]
[Annotator "TA"]
[PlyCount "101"]
[EventDate "2021.05.04"]
[EventType "team-tourn"]
[EventCountry "NET"]
[SourceTitle "playchess.com"]
[Source "ChessBase"]
[SourceQuality "1"]
[WhiteTeam "Croatia"]
[BlackTeam "Hungary"]
[WhiteTeamCountry "CRO"]
[BlackTeamCountry "HUN"]

{[%evp 20,101,0,0,0,0,12,11,12,11,11,14,10,14,13,9,41,39,73,41,59,48,46,39,39,39,70,70,75,75,75,75,75,75,75,75,75,76,81,70,83,70,70,70,70,70,70,56,83,70,70,70,70,70,70,56,56,56,56,56,70,70,70,44,44,44,44,44,44,44,44,44,44,44,44,44,44,44,44,0,44,0,44,0]} 1. d4 d5 2. c4 c6 3. cxd5 cxd5 4. Nc3 Nf6 5. Bf4 Nc6 6. e3 Bf5 7. Nf3 e6 8. Qb3 Bb4 9. Bb5 O-O 10. Bxc6 {seems to push 10.0-0 aside.} Bxc3+ 11. Qxc3 Rc8 {[%mdl 64] Pin. D14: Slav Defence: Exchange variation with ...Bf5.} 12. Ne5 Ng4 13. Nxg4 {aiming for h3.} Bxg4 {[#]The position is equal.} 14. Qb4 $1 Rxc6 15. Qxb7 Qc8 16. Qxc8 Rfxc8 17. O-O Rc2 18. b4 {[#]} Rb2 $146 ({Predecessor:} 18... f6 19. a4 Be2 20. Rfb1 Bd3 21. h4 Rd2 22. Rd1 Rxd1+ 23. Rxd1 Bc2 24. Rc1 Rc4 25. a5 Bd3 26. Rd1 Bc2 27. Rc1 Bd3 28. Rd1 Bc2 {½-½ (28) Bayarmandakh,B (2233)-Khatanbaatar,B (2329) Ulaanbaatar 2020}) 19. Rfc1 (19. Rfb1 {is more complex.} Rd2 20. a4 Rcc2 21. h3 Bf5 22. Bg3) 19... Rxc1+ 20. Rxc1 $14 {[%cal Rc1c8][%mdl 4096] [#] Endgame KRB-KRB} h6 21. h3 (21. a3 {keeps more tension.} Be2 22. h4 a6 23. Ra1 Kf8 24. Bd6+) 21... Bh5 22. a3 {[%cal Ba2a3,Ba3a4,Ba4a5][%mdl 32] Strongly threatening Rc8+.} Rb3 23. Ra1 Bg6 24. Bd6 Rb1+ 25. Rxb1 Bxb1 $16 {KB-KB} 26. Bc5 a6 27. a4 {b5 is the strong threat.} Bd3 28. f3 f6 29. Kf2 Kf7 30. b5 axb5 31. a5 b4 $1 32. Bxb4 h5 33. g4 g6 34. Kg3 hxg4 35. fxg4 g5 36. Bd6 Ke8 37. h4 gxh4+ $1 38. Kxh4 Ba6 39. Kh5 {Threatens to win with Kg6.} Be2 40. Kg6 Kd7 41. Bg3 (41. Bc5 {seems wilder.} Bxg4 42. a6 Kc6 43. Kxf6 Kc7 44. Ke5) 41... Bxg4 42. Kxf6 Kc6 43. Bf4 Kb5 44. Bc7 Ka6 45. Bb6 Bf5 46. Ke5 Bh3 47. Kd6 Bg4 48. Ke7 Bh3 49. Kd6 Bg4 50. Ke5 Bh3 51. Kd6 {Weighted Error Value: White=0.06/Black=0.04} 1/2-1/2

[Event "Mitropa Online Cup Women 2021"]
[Site "Hybrid"]
[Date "2021.05.04"]
[Round "8.3"]
[White "Karacsonyi, Kata"]
[Black "Radikovic, Anamarija"]
[Result "0-1"]
[WhiteElo "2138"]
[BlackElo "2006"]
[Annotator "TA"]
[PlyCount "78"]
[EventDate "2021.05.04"]
[EventType "team-tourn"]
[EventCountry "NET"]
[SourceTitle "playchess.com"]
[Source "ChessBase"]
[SourceQuality "1"]
[WhiteTeam "Hungary"]
[BlackTeam "Croatia"]
[WhiteTeamCountry "HUN"]
[BlackTeamCountry "CRO"]

{[%evp 9,78,-7,-5,2,-8,-88,-17,-116,-108,-119,-117,-208,-204,-263,-181,-182,-158,-250,-271,-256,-256,-267,-237,-229,-218,-215,-210,-204,-188,-185,-175,-170,-173,-215,-215,-229,-136,-239,-237,-225,-216,-466,-496,-474,-316,-298,-295,-705,-737,-736,-735,-723,-731,-616,-593,-837,-828,-6428,-6606,-5506,-5285,-1723,-1045,-1031,-1033,-962,-906,-29973,-29973,-29969,-29970]} 1. e4 c5 2. Nc3 g6 3. d4 cxd4 4. Qxd4 Nf6 5. b3 Bg7 6. Bb2 {B23: Closed Sicilian: Lines without g3.} Nc6 {[#]} 7. Qe3 $146 (7. Qd3 $11) ({Predecessor:} 7. Qd2 Nxe4 8. Nxe4 Bxb2 9. Rd1 Bg7 10. Bc4 O-O 11. Nf3 d6 12. O-O Bg4 13. Qf4 {1-0 (33) Kroliczek,G (1787)-Babczynski,Z (1551) Polanica Zdroj 2019}) 7... Qa5 (7... d5 $17 {Threatens to win with ...d4.} 8. exd5 Nxd5 9. Nxd5 Bxb2) 8. f3 (8. Nge2 $11) 8... d5 $17 {Strongly threatening ...d4.} 9. Qd2 {[%cal Rc3d5]} O-O 10. O-O-O (10. Nxd5 $17 {might work better.} Qxd2+ 11. Kxd2) 10... dxe4 $19 11. fxe4 Bg4 12. Nf3 Rfd8 13. Bd3 (13. Qe3 $17) 13... Nb4 {...Nxe4! is the strong threat.} 14. a3 Nxd3+ 15. cxd3 Be6 16. b4 Qc7 17. Kb1 a5 {White must now prevent ...axb4.} 18. b5 a4 19. d4 Bb3 20. Rc1 Qb6 21. h3 Ne8 22. Qe2 e6 (22... Bxd4 23. Nxd4 Rxd4 24. Nd5 $11) (22... Nd6 $19 23. Ka1 Bh6) 23. Na2 (23. e5 $17 {is a better defense.}) 23... Nd6 24. Rc5 Ra5 {[%cal Rd6b5]} 25. Bc3 $2 (25. Rhc1) 25... Rxb5 26. Bb4 {intending e5.} Rxc5 27. dxc5 Qb5 28. Qd2 (28. Qxb5 Nxb5 29. Nc1) 28... Bxa2+ 29. Kxa2 Qc4+ {[%mdl 64] Double Attack} 30. Kb1 Qb3+ 31. Kc1 {[#]} Rc8 $1 32. e5 (32. Qc2 Bh6+) 32... Nc4 {[%mdl 64] Double Attack} 33. Qd7 Bh6+ 34. Nd2 Bxd2+ {[%mdl 64] Overworked Piece} 35. Bxd2 Qxa3+ {[%mdl 64] [#] Double Attack} 36. Kd1 Qxc5 37. Rf1 Nxe5 ({Inferior is} 37... Nxd2 38. Qxf7+ Kh8 39. Qf6+ Kg8 40. Qf7+ Kh8 41. Qf6+ Kg8 42. Qf7+ $11) 38. Qxb7 Qc2+ 39. Ke1 Rd8 {[%csl Gd8][%cal Rc2d2] White did not feel at home in the position after the opening.  Weighted Error Value: White=0.94/Black=0.26} 0-1